General Knowledge Pictures - Beginning 'U' - Statistics

General Stats
  • This quiz has been taken 108 times
  • The average score is 21 of 28
Answer Stats
Picture Answer % Correct
Ukulele
99%
United Kingdom
99%
UFO
98%
Unicorn
98%
Uranus
93%
Umbrella
91%
Uncle Sam
91%
Unicycle
91%
Ugg Boots
88%
Uruguay
88%
Urn
84%
United States of America
83%
Udder
78%
Urchin
78%
U Boat
75%
Uganda
73%
Ulna
72%
United Arab Emirates
72%
Ukraine
69%
Uluru
69%
Uzbekistan
69%
Umpire
68%
Uppercut
68%
Universe
67%
Ulster
56%
Ursa major
49%
Ulaanbaatar
37%
Utah
22%
No matching quizzes found
Score Distribution
Percent of People with Each Score
Percentile by Number Answered
Your Score History
You have not taken this quiz